Un niño, un perro y una rana /

Guardado en:
Autor Principal: Mayer, Mercer
Formato: Libro
Publicado: Buenos Aires : El Libro de Arena, 2015
Materias:
Etiquetas: Agregar Etiqueta
Sin Etiquetas, Sea el primero en etiquetar este registro!
LEADER 00739nam a22002415a 4500
001 CEM.cems015293
005 20191106201229.0
008 130507s2015##################000#0#####d
003 CEMS
020 |a 9789873935060 
082 0 4 |a 818.3 
100 1 |a Mayer, Mercer 
245 1 0 |a Un niño, un perro y una rana /  |c Mercer Mayer 
260 |a Buenos Aires :  |b El Libro de Arena,  |c 2015 
300 |a 32 p. 
500 |a Título original: A boy, a dog and a frog 
653 |a Literatura 
653 |a Literatura estadounidense 
653 |a Literatura infantil 
653 |a Cuentos infantiles 
653 |a Colección ciencias de la educación 
653 |a Libro Álbum 
859 |a CEMS  |b BIB. CEMS - Ccias. Educacion  |h 818.3  |i M452  |k CE  |p 28545.19  |t Ej.1